| 000 | 00573nam a22001817a 4500 | ||
|---|---|---|---|
| 003 | NUST | ||
| 005 | 20240216112408.0 | ||
| 008 | 190619b ||||| |||| 00| 0 eng d | ||
| 038 | _aAttaullah | ||
| 082 | _a620.1 | ||
| 100 |
_aSamr Ul Hasnain _915094 |
||
| 245 |
_aExperimental Validation for Energy Consumption in Conventional Maching of A! Alloy _cSamr Ul Hasnain |
||
| 300 |
_a37 p. _c30cm. |
||
| 610 | _2Mechanical Engineering - MS Thesis | ||
| 700 |
_aDr Hussain Imran _935473 |
||
| 856 | _uhttp://10.250.8.41:8080/xmlui/handle/123456789/12210 | ||
| 942 |
_2ddc _cTHE |
||
| 999 |
_c524283 _d524283 |
||